000
00234nam a22000857a 4500
008
160831b xxu||||| |||| 00| 0 eng d
100
_9
269
_a
Aggarwal N.K
245
_a
English Grammar-8
260
_a
New Delhi
_b
Goyal Brothers publication
_c
2011
999
_c
2927
_d
2927